Statistiques concernant Géographie par lettre - E

Cliquez ici pour prendre le quiz!

Statistiques générales

  • Ce quiz a été pris 21 744 fois
  • Le résultat moyen est 11 sur 20

Statistiques - réponses

IndiceRéponse% Correct
Le pays de CléopâtreÉgypte
98%
La plus haute montagne du mondeEverest
96%
Nom espagnol pour l'EspagneEspaña
89%
Abou Dabi, Charjah et Dubaï,
par exemple
Émirat
87%
L'un des trois pays baltesEstonie
85%
Troisième pays le plus peupléEtats-Unis
82%
Volcan italien à proximité de CataneEtna
77%
Nom irlandais pour l'IrlandeÉire
65%
Fleuve près du TigreEuphrate
64%
Monnaie de la LituanieEuro
59%
Animal national de ThaïlandeÉléphant
52%
Sa plus grande ville est GuayaquilÉquateur
50%
Un animal national australienÉmeu
42%
Parc National en FlorideEverglades
40%
Fleuve allemand long de 1091 kmElbe
33%
Capitale de l'AlbertaEdmonton
24%
Le parlement de cette « nation »
s'appelle Holyrood
Écosse
18%
La plus haute montagne d'EuropeElbrouz
18%
La compagnie aérienne
nationale d'Israël
El Al
10%
2ème plus grande île grecque,
après la Crète
Eubée
10%

Distribution des résultats

Percentile par nombre de réponses

% des personnes avec chaque résultat

Votre développement - résultats

Vous n’avez pas pris ce quiz